| 000 | 01002nam a2200229Ia 4500 | ||
|---|---|---|---|
| 005 | 20150820145648.0 | ||
| 008 | 130821s1897 ck fr 0 f spa d | ||
| 040 |
_aCo-BoUCM _bspa _cSandra Yazo _dSandra Yazo |
||
| 041 | 0 | _aspa | |
| 082 | 0 | 4 |
_a863.42 _220 |
| 092 | _aE36N019 | ||
| 100 | 1 |
_aMarroquín, José Manuel _92267 _d1827-1908 |
|
| 245 | 1 | 0 |
_aEntre primos _cJosé Manuel Marroquín |
| 260 |
_aBogotá (Colombia) _bImprenta de Eduardo Espinosa Guzmán _c1897 |
||
| 300 |
_a404 páginas _c18 x 13 cm |
||
| 500 | _aDetalles físicos: Encuadernación rígida en cartón forrada en papel. Lomo en tela con adornos en dorado. Guardas. Portada impresa en una tinta, con un motivo decorativo. Mayúsculas capitales. Cenefas. Texto impreso en una columna. Papel con amarillamiento | ||
| 506 | _aConsulta en sala | ||
| 650 | 7 |
_aLiteratura colombiana _918629 |
|
| 650 | 7 |
_aNovela colombiana _920483 |
|
| 690 |
_942866 _aLiteratura latinoamericana |
||
| 942 |
_cLIBRO _a18 _e1 _2LOCAL _hE36N019 |
||
| 999 |
_c300427 _d300427 |
||